Most expensive football transfers - Goalkeepers - 2010-2011 Season - Statistics

General Stats
  • This quiz has been taken 10 times
  • The average score is 4 of 10
Answer Stats
Fee (M €) Nationality Left Joined Player % Correct
7,00 England Manchester United Birmingham Ben Foster
78%
8,50 Spain Atlètico Madrid Benfica Roberto
67%
5,00 Denmark Aalesund Manchester United Anders Lindegaard
56%
2,80 Australia Middlesbrough Liverpool Brad Jones
44%
3,50 Brazil Atlético Paranaense Fiorentina Neto
44%
4,50 Italy AC Milan Juventus Marco Storari
33%
4,50 Portugal SC Braga Genoa Eduardo
22%
3,00 Argentina Atlante Monarcas Morelia Federico Vilar
11%
3,10 Ukraine Metalurg Z. Dynamo Kyiv Maksym Koval
11%
3,00 Croatia Inter Zapresic Chelsea Matej Delac
11%
No matching quizzes found
Score Distribution
Percent of People with Each Score
Percentile by Number Answered
Your Score History
You have not taken this quiz